| 000 | 00530nam a22001937a 4500 | ||
|---|---|---|---|
| 003 | NUST - PNEC | ||
| 005 | 20170116181133.0 | ||
| 008 | 151006b xxu||||| |||| 00| 0 eng d | ||
| 020 | _a0827335792 | ||
| 020 | _a0827335814 | ||
| 020 | _a0827335806 | ||
| 040 | _cLIBRARY | ||
| 082 | _a629.2504 SCH | ||
| 100 |
_914072 _aScharff, Robert |
||
| 245 |
_aComplete engine performance and diagnostics _cRobert Scharff |
||
| 260 | _cc.1989 | ||
| 650 |
_914074 _aAutomobiles--Motors--Maintenance and repair _xME |
||
| 942 |
_2ddc _cBK |
||
| 999 |
_c70056 _d70056 |
||